Prueba del país de Granada - Estadísticas

Estadísticas generales
  • Esta prueba ha sido intentada 759 veces
  • La puntuación promedio es 9 de 16
Estadísticas de respuestas
Pista Respuesta % Correcto
Granada toca este mar Mar Caribe
98%
Idioma oficial Inglés
95%
El país continental más cercano a Granada Venezuela
92%
El archipiélago del que Granada forma parte {Antillas} Menores
90%
País del que Granada obtuvo su independencia en 1974 Reino Unido
88%
País que invadió en 1983 Estados Unidos
80%
Granada suministra el 40% del suministro mundial de esta especia, empezando con M Nuez {moscada}
75%
El deporte más popular Cricket
66%
Capital de Granada Saint George
59%
Fiesta celebrada el 25 de octubre para conmemorar la invasión y la restauración de la democracia, no relacionada con la fiesta de los EE.UU. con el mismo nombre Acción de Gracias
47%
Período festivo que Granada celebra en agosto, a diferencia de otros países que lo celebran antes de la Cuaresma Carnaval
47%
Región en la que se encuentra la ciudad de Granada, que da nombre al país Andalucía
45%
Granada está dividida en 6 de estas divisiones administrativas (comienza con P) Parroquias
32%
Ave nacional en peligro crítico de extinción {Paloma} de Granada
15%
El Partido Comunista que tomó el poder en un golpe de estado incruento en 1979 New {Jewel}
11%
Otro nombra para el periodo festivo {Spice}mas
9%
No se encontraron pruebas coincidentes
Distribución de puntuación
Porcentaje de gente con cada puntuación
Porcentaje por número respondido
Historial de tus puntuaciones
No has intentado esta prueba.